|
|
|
|
| LEADER |
00000nam0a2200000 4500 |
| 001 |
184531 |
| 005 |
20231101223843.0 |
| 010 |
|
|
|a 5891183988
|
| 035 |
|
|
|a (RuTPU)RU\TPU\book\200119
|
| 090 |
|
|
|a 184531
|
| 100 |
|
|
|a 20100913d2007 k y0rusy50 ca
|
| 101 |
0 |
|
|a rus
|
| 102 |
|
|
|a RU
|
| 105 |
|
|
|a a z 001zy
|
| 200 |
1 |
|
|a Эстуарно-дельтовые системы России и Китая: гидролого-морфологические процессы, геоморфология и прогноз развития
|f Московский государственный университет им. М. В. Ломоносова (МГУ); Университет Тонгжи; Российский фонд фундаментальных исследований (РФФИ); Государственный фонд естественных наук Китая (ГФЕН); под ред. В. Н. Коротаева; В. Н. Михайловаа; Д. Б. Бабича; Ли Цзунсяна; Лю Шугуана
|
| 210 |
|
|
|a Москва
|c Геос
|d 2007
|
| 215 |
|
|
|a 445 с.
|c ил.
|
| 320 |
|
|
|a Библиогр.: с. 409-442.
|
| 330 |
|
|
|a В монографии обобщены результаты многолетних геоморфологических, палеогеографических, литологических, русловых и гидрологических исследований в устьях рек России и Китая, выполненных в рамках научной программы «Мировой океан», грантов РФФИ и инициативных проектов РФФИ-ГФЕН Китая за период 1969-2005 гг. Книга может быть полезна для специалистов в области геоморфологии, гидрологии, палеогеографии, геохронологии, русловых и устьевых процессов. Работа выполнена при поддержке Российского фонда фундаментальных исследований, Государственного фонда естественных наук Китая, гранта поддержки ведущих научных школ Российской Федерации. Авторы благодарят члена Совета директоров АКБ «Электроника» М.И. Лаврентьева за финансовую поддержку при издании монографии.
|
| 606 |
1 |
|
|a Реки
|x Дельта
|2 stltpush
|3 (RuTPU)RU\TPU\subj\24837
|9 49115
|
| 610 |
1 |
|
|a Россия
|
| 610 |
1 |
|
|a Китай
|
| 610 |
1 |
|
|a эстуарно-дельтовые системы
|
| 610 |
1 |
|
|a формирование
|
| 610 |
1 |
|
|a геоморфология
|
| 610 |
1 |
|
|a гидрология
|
| 610 |
1 |
|
|a палеография
|
| 610 |
1 |
|
|a геохронология
|
| 610 |
1 |
|
|a палеогеография
|
| 610 |
1 |
|
|a русловые процессы
|
| 610 |
1 |
|
|a устьевые процессы
|
| 675 |
|
|
|a 556.54
|v 3
|
| 702 |
|
1 |
|a Коротаев
|b В. Н.
|4 340
|
| 702 |
|
1 |
|a Михайлов
|b В. Н.
|4 340
|
| 702 |
|
1 |
|a Бабич
|b Д. Б.
|4 340
|
| 702 |
|
0 |
|a Ли Цзунсянь
|4 340
|
| 702 |
|
0 |
|a Лю Шугуан
|4 340
|
| 712 |
0 |
2 |
|a Московский государственный университет им. М. В. Ломоносова (МГУ)
|2 stltpush
|3 (RuTPU)RU\TPU\col\7
|
| 712 |
0 |
2 |
|a Университет Тонгжи
|c (Шанхай)
|2 stltpush
|3 (RuTPU)RU\TPU\col\17197
|9 26559
|
| 712 |
0 |
2 |
|a Российский фонд фундаментальных исследований (РФФИ)
|c (Москва)
|2 stltpush
|3 (RuTPU)RU\TPU\col\112
|
| 712 |
0 |
2 |
|a Государственный фонд естественных наук Китая (ГФЕН)
|2 stltpush
|3 (RuTPU)RU\TPU\col\17198
|
| 801 |
|
1 |
|a RU
|b 63413507
|c 20100913
|
| 801 |
|
2 |
|a RU
|b 63413507
|c 20110505
|g RCR
|
| 942 |
|
|
|c BK
|
| 959 |
|
|
|a 62/20100913
|d 1
|e 0
|f ЧЗТЛ:1
|